000
00315nam a22001337a 4500
008
131129t xxu||||| |||| 00| 0 eng d
020
_a
978-1-58255-837-0
040
_a
ASAB
_c
ASAB
100
_a
Howard C. Ansel
_9
339
245
_a
Pharmaceutical Calculations
250
_a
13th Ed.
300
_a
340
942
_2
ddc
_c
BK
999
_c
16607
_d
16607